Smolný den /

Knížka o jezevci, kterému se lepí smůla na paty.

Hlavní autor: Petz, Moritz, 1960-
Další autoři: Jackowski, Amélie, 1976-, Arnautovová, Maria, 1979-
Jazyk: Čeština
Vydáno: Praha : Euromedia Group, 2021
Vydání: Vydání první
Edice: Pikola (Euromedia)
Témata:
Fyzický popis: 25 nečíslovaných stran : barevné ilustrace ; 29 cm
Knihy
Uloženo v:
LEADER 02588nam a2200541 i 4500
001 nkc20213328787
003 CZ PrNK
005 20211112154054.0
007 ta
008 210921s2021 xr a a 000 j cze
015 |a cnb003328787 
020 |a 978-80-242-7625-0  |q (vázáno) :  |c Kč 279,00 
035 |a (OCoLC)1288051363 
035 |a (OCoLC)1291385275 
040 |a ABG001  |b cze  |d ABA001  |e rda 
041 1 |a cze  |h eng 
072 7 |a 821.111-3  |x Anglická próza, anglicky psaná  |2 Konspekt  |9 25 
072 7 |a 821-93  |x Literatura pro děti a mládež (beletrie)  |2 Konspekt  |9 26 
080 |a 821.111-32  |2 MRF 
080 |a 821-93  |2 MRF 
080 |a (0:82-32)  |2 MRF 
100 1 |a Petz, Moritz,  |d 1960-  |7 xx0264223  |4 aut 
240 1 0 |a Day everything went wrong.  |l Česky 
245 1 0 |a Smolný den /  |c Moritz Petz, Amélie Jackowski ; z anglického originálu The day everything went wrong ... přeložila Maria Arnautovová 
250 |a Vydání první 
264 1 |a Praha :  |b Euromedia Group,  |c 2021 
300 |a 25 nečíslovaných stran :  |b barevné ilustrace ;  |c 29 cm 
336 |a text  |b txt  |2 rdacontent 
336 |a statický obraz  |b sti  |2 rdacontent 
337 |a bez média  |b n  |2 rdamedia 
338 |a svazek  |b nc  |2 rdacarrier 
490 1 |a Pikola 
500 |a "Ilustrovala Amélie Jackowski"--Tiráž 
520 2 |a Knížka o jezevci, kterému se lepí smůla na paty.  |b Za devaterými řekami a hustými lesy, v jednom velkém stromě žije jezevec. Je moc milý a má spoustu kamarádů, ale zrovna dneska nemá svůj den. Nic se mu nedaří a stává se mu jedna nehoda za druhou - spadne lampa, rozbije se mu jeho oblíbený hrníček a nemůže najít pastelky, prostě den plný smůly. Jezevec je z toho celý rozmrzelý a už neví, co má dělat. Vydá se proto za svými kamarády, snad budou vědět, jak se té smůly zbavit. Když však přijde ke svým přátelům, čeká na něj obrovské překvapení. Nakladatelská anotace. 
521 8 |a Pro děti od 3 let 
655 7 |a anglicky psané příběhy  |7 fd183173  |2 czenas 
655 7 |a publikace pro děti  |7 fd133156  |2 czenas 
655 9 |a stories in English  |2 eczenas 
655 9 |a children's literature  |2 eczenas 
700 1 |a Jackowski, Amélie,  |d 1976-  |7 xx0264225  |4 ill 
700 1 |a Arnautovová, Maria,  |d 1979-  |7 jo2012729896  |4 trl 
830 0 |a Pikola (Euromedia)  |0 s 
910 2 |a BOA001  |b 4-1475.318 
920 |a 4613480  |z ABG001 
990 |a BK 
995 |a 01 
991 |b 202110  |c NOV 
996 6 |b 2610881793  |c 4-1475.318  |l MZK  |r Sklad / do 1 hodiny  |n 1  |p p.v.  |w 001865840  |u 000010  |a 1  |e BOA001  |j MZK50  |s P